000 00572nam a22002291a 4500
001 2386
003 OSt
005 20260204211810.0
008 040220s1995||||sp ||||||b||||||||||spa||
020 _a8472081001
050 _a612.0145 P191d
082 _a612.0145 P191d
100 _aPamplana Roger, Jorge D.
245 _aDisfrútalo / Jorge D. Pamplana Roger
250 _a3
264 _aEspaña : Safeliz
300 _a190 p
490 _aNuevo estilo de vida
500 _aIncluye indice
650 _a1.Filosofía Humana 2.AlimentaciónÌ
942 _2ddc
_cBK
999 _c2386
_d2386